000 00801nam a2200301Ia 4500
001 7437
005 20240113234015.0
007 ta
008 050705s a g b000 u eng u
040 _aCotton College,Assam
041 _aeng
082 _a320.2954
_bRa 14 In
100 _aRaman, Sunder .
245 0 _aIndian Government and Politics /
_cSunder Raman.
_hTextual Documents
250 _a1st ed. /
260 _aNew Delhi :
_bAllied Publishers Ltd. ,
_cnd..
300 _ax, 405p. :
_bill. ;
_c22cm .
504 _aIndex
653 _aPolitical Science
653 _aGovernment-India
653 _aPolitics-India
653 _aPG-Political Science
653 _aG-Political Science
942 _2ddc
_cBK
999 _c7424
_d7424